<?xml version="1.0" encoding="UTF-8"?><record xmlns="http://www.loc.gov/MARC21/slim" xmlns:zs="http://docs.oasis-open.org/ns/search-ws/sruResponse">
  <leader>02105cz  a2200313n  4500</leader>
  <controlfield tag="001">n  86855604 </controlfield>
  <controlfield tag="003">DLC</controlfield>
  <controlfield tag="005">20230818064554.0</controlfield>
  <controlfield tag="008">861001n| azannaabn          |b aaa      </controlfield>
  <datafield ind1=" " ind2=" " tag="010">
    <subfield code="a">n  86855604 </subfield>
  </datafield>
  <datafield ind1=" " ind2=" " tag="035">
    <subfield code="a">(OCoLC)oca01686006</subfield>
  </datafield>
  <datafield ind1=" " ind2=" " tag="040">
    <subfield code="a">DLC</subfield>
    <subfield code="b">eng</subfield>
    <subfield code="e">rda</subfield>
    <subfield code="c">DLC</subfield>
    <subfield code="d">DLC-R</subfield>
    <subfield code="d">OCoLC</subfield>
    <subfield code="d">DNLM</subfield>
    <subfield code="d">ICU</subfield>
    <subfield code="d">OCoLC</subfield>
  </datafield>
  <datafield ind1=" " ind2=" " tag="046">
    <subfield code="f">1908</subfield>
    <subfield code="g">1993</subfield>
  </datafield>
  <datafield ind1="1" ind2=" " tag="100">
    <subfield code="a">Pankiewicz, Tadeusz</subfield>
  </datafield>
  <datafield ind1=" " ind2=" " tag="368">
    <subfield code="c">Righteous Gentiles</subfield>
    <subfield code="2">lcsh</subfield>
  </datafield>
  <datafield ind1=" " ind2=" " tag="370">
    <subfield code="a">Sambir (Sambirsʹkyĭ raĭon, Ukraine)</subfield>
    <subfield code="b">Kraków (Poland)</subfield>
    <subfield code="2">naf</subfield>
  </datafield>
  <datafield ind1=" " ind2=" " tag="372">
    <subfield code="a">World War, 1939-1945--Jews--Rescue</subfield>
    <subfield code="2">lcsh</subfield>
  </datafield>
  <datafield ind1=" " ind2=" " tag="373">
    <subfield code="a">Apteka pod Orłem (Kraków, Poland)</subfield>
    <subfield code="2">naf</subfield>
  </datafield>
  <datafield ind1=" " ind2=" " tag="374">
    <subfield code="a">Pharmacists</subfield>
    <subfield code="2">lcsh</subfield>
  </datafield>
  <datafield ind1=" " ind2=" " tag="377">
    <subfield code="a">pol</subfield>
  </datafield>
  <datafield ind1="1" ind2=" " tag="400">
    <subfield code="a">Panḳiyeṿits', Tadeʼush</subfield>
  </datafield>
  <datafield ind1="1" ind2=" " tag="400">
    <subfield code="a">פאנקייוויץ', תאדאוש</subfield>
  </datafield>
  <datafield ind1=" " ind2=" " tag="667">
    <subfield code="a">Machine-derived non-Latin script reference project.</subfield>
  </datafield>
  <datafield ind1=" " ind2=" " tag="667">
    <subfield code="a">Non-Latin script reference not evaluated.</subfield>
  </datafield>
  <datafield ind1=" " ind2=" " tag="670">
    <subfield code="a">nuc86-89856: His Apteka w getcie krakowskim, 1982</subfield>
    <subfield code="b">(hdg. on NcD rept.: Pankiewicz, Tadeusz; usage: Tadeusz Pankiewicz)</subfield>
  </datafield>
  <datafield ind1=" " ind2=" " tag="670">
    <subfield code="a">His Bet-mirḳaḥat be-Geṭo Ḳraḳov, 1984 or 1985:</subfield>
    <subfield code="b">t.p. (Tadeʼush Panḳiyeṿits') t.p. verso (Tadeush Pankiewicz [in rom.])</subfield>
  </datafield>
  <datafield ind1=" " ind2=" " tag="670">
    <subfield code="a">The Krakow Ghetto pharmacy, 2013:</subfield>
    <subfield code="b">t.p. (Tadeusz Pankiewicz) p. 4 of cover (1908-1993, Polish pharmacist)</subfield>
  </datafield>
  <datafield ind1=" " ind2=" " tag="670">
    <subfield code="a">Wikipedia, the free encycklopedia, January 11, 2018:</subfield>
    <subfield code="b">Tadeusz Pankiewicz page (Tadeusz Pankiewicz; born 21 November 1908 in Sambor; died 5 November 1993; burried in Krarków; Polish Roman Catholic pharmacist operating the Apteka pod Orłem in the Polish Ghetto of Kraków during the Nazi German occupation of Poland; recognized as "Righteous among the Nations by Yad Vashem on February 10, 1983, for rescuing many Jews from the Holocaust)</subfield>
    <subfield code="u">https://en.wikipedia.org/wiki/Tadeusz_Pankiewicz</subfield>
  </datafield>
  <datafield ind1=" " ind2=" " tag="670">
    <subfield code="a">New York Times WWW site, January 11, 2018:</subfield>
    <subfield code="b">Tadeusz Pankiewicz obituary, dated 12 November 1993 (Tadeusz  Pankiewicz; Polish pharmacist widely credited for helping Jews escape from Kraków in World War II; died in Kraków)</subfield>
    <subfield code="u">http://www.nytimes.com/1993/11/12/obituaries/tadeusz-pankiewicz-85-pole-who-helped-jews.html</subfield>
  </datafield>
</record>
